Equilibrated states and optimal allocations of resources under rigid prices.

Formulácia úlohy nájsť Paretov bod, ktorý spĺňa ešte isté dodatočné rovnosti. Dôkaz existenčnej vety a demonštrácia na dvoch príkladoch.

Gespeichert in:
Bibliographische Detailangaben
1. Verfasser: Polterovich, V.M
Format: Buchkapitel
Sprache:Englisch
Schlagworte:
Tags: Tag hinzufügen
Keine Tags, Fügen Sie das erste Tag hinzu!

MARC

LEADER 00000naa a2200000 4500
001 r001985
005 20220819193925.0
041 0 |a eng 
044 |a NL 
245 1 0 |a Equilibrated states and optimal allocations of resources under rigid prices.  |c V.M. Polterovich 
520 |a Formulácia úlohy nájsť Paretov bod, ktorý spĺňa ešte isté dodatočné rovnosti. Dôkaz existenčnej vety a demonštrácia na dvoch príkladoch. 
610 2 0 |a matematika 
610 2 0 |a metódy matematické 
100 1 |a Polterovich, V.M.